| 000 | 00618nam a2200181Ia 4500 | ||
|---|---|---|---|
| 005 | 20250508155925.0 | ||
| 008 | 008 250505s9999 xx 000 0 eng d | ||
| 037 | _aTextual | ||
| 040 |
_aFEDL _beng _cFEDL |
||
| 041 |
_aeng _2eng |
||
| 084 |
_a370.196, IND _qFEDL |
||
| 245 | 0 | _aReport of the second national seminar on education for international understanding | |
| 245 | 0 | _cIndian National commission for Unesco. Ministry of Education | |
| 260 |
_aNew Delhi, India _bIndian National Commission for UNESCO _c1966 |
||
| 300 | _a104p | ||
| 942 |
_cTEXL _h370.196, IND |
||
| 999 |
_c1360124 _d1360124 |
||